BIBLIOTECA

SENCICO

La meta: un proceso de mejora continua (Registro nro. 1510)

Detalles MARC
000 -LEADER
fixed length control field 00595nam a2200253Ia 4500
005 - DATE AND TIME OF LATEST TRANSACTION
control field 20251020182513.0
008 - FIXED-LENGTH DATA ELEMENTS--GENERAL INFORMATION
fixed length control field 200515s9999 xx 000 0 und d
020 ## - INTERNATIONAL STANDARD BOOK NUMBER
International Standard Book Number 968-6635-343-3
082 ## - DEWEY DECIMAL CLASSIFICATION NUMBER
Classification number 658.011/G66
100 ## - MAIN ENTRY--PERSONAL NAME
Personal name Cox, Jeff
100 ## - MAIN ENTRY--PERSONAL NAME
Personal name Goldratt, Eliyahu M.
245 #0 - TITLE STATEMENT
Title La meta: un proceso de mejora continua
250 ## - EDITION STATEMENT
Edition statement 2a ed.
260 ## - PUBLICATION, DISTRIBUTION, ETC.
Place of publication, distribution, etc. México, D.F.
260 ## - PUBLICATION, DISTRIBUTION, ETC.
Name of publisher, distributor, etc. Ediciones Castillo
260 ## - PUBLICATION, DISTRIBUTION, ETC.
Date of publication, distribution, etc. 1998
300 ## - PHYSICAL DESCRIPTION
Extent 408 p.
500 ## - GENERAL NOTE
General note 1 ejemplar
650 ## - SUBJECT ADDED ENTRY--TOPICAL TERM
Topical term or geographic name entry element CIENCIA
650 ## - SUBJECT ADDED ENTRY--TOPICAL TERM
Topical term or geographic name entry element HIPOTESIS
650 ## - SUBJECT ADDED ENTRY--TOPICAL TERM
Topical term or geographic name entry element MEJORA CONTINUA
942 ## - ADDED ENTRY ELEMENTS (KOHA)
Koha item type Libros
Existencias
Fecha de la última vez que lo usaron Pago total Signatura topográfica completa Código de barras Precio efectivo desde Tipo de documento Estado perdido Estado dañado No es para préstamo Retirado Ubicación permanente Ubicación actual Fecha de adquisición
15/05/2020   658.011/G66 Bib-Lima15051510 15/05/2020 Libros         Biblioteca Central Lima Biblioteca Central Lima 15/05/2020